[Event "Torneo Castellar Vidrio"]
[Site "http://www.queenalice.com/game.php?id=1457486"]
[Date "2017.1.1"]
[Round "-"]
[White "escorpi63"]
[Black "tomatito2"]
[Result "1-0"]
[WhiteElo "1247"]
[BlackElo "1679"]

1. e4 e5 2. Nf3 Nc6 3. Bc4 Nf6 4. Nc3 Bb4 5. Ng5 Bxc3 6. dxc3 O-O 7. O-O d6 8.
Be2 Ne7 9. Qd3 Ng6 10. Nf3 Nf4 11. Bxf4 exf4 12. Rad1 Re8 13. e5 Nd7 14. exd6
cxd6 15. Rfe1 Nf6 16. Qc4 Ne4 17. Bd3 d5 18. Qa4 Bd7 19. Qb4 Qb6 20. Qxb6 axb6
21. Bxe4 dxe4 22. Rxd7 exf3 23. Rxe8+ Rxe8 24. gxf3 Rb8 25. Rd6 g5 26. Rxb6 Kg7
27. a4 h5 28. a5 h4 29. b4 h3 30. a6 Rd8 31. Kf1 bxa6 32. Rxa6 Rd2 33. Ra2 Rd1+
34. Ke2 Rh1 35. b5 Rxh2 36. Ra1 Rg2 37. Rh1 h2 38. Kf1 Rg1+ 39. Rxg1 hxg1=Q+ 40.
Kxg1 f5 41. b6 g4 42. b7 g3 43. b8=Q Kg6 44. Qxf4 gxf2+ 45. Kxf2 Kf6 46. Qd6+
Kg5 47. f4+ Kg4 48. c4 Kh5 49. Kf3 Kh4 50. Qh6# 1-0

[Event "Torneo Castellar Vidrio"]
[Site "http://www.queenalice.com/game.php?id=1457487"]
[Date "2017.1.1"]
[Round "-"]
[White "escorpi63"]
[Black "doriam2203"]
[Result "1/2-1/2"]
[WhiteElo "1233"]
[BlackElo "1704"]

1. e4 e5 2. Nf3 d6 3. Bc4 h6 4. O-O a6 5. Nc3 Nf6 6. Re1 c6 7. d4 b5 8. Bd3 Be6
9. dxe5 dxe5 10. Nxe5 Bc5 11. Nf3 Bg4 12. Be3 Bxe3 13. Rxe3 O-O 14. e5 Nd5 15.
Nxd5 Qxd5 16. Re4 Qe6 17. Be2 Nd7 18. Nd4 Bxe2 19. Nxe6 Bxd1 20. Nxf8 Bxc2 21.
Re2 Kxf8 22. Rxc2 Nxe5 23. f4 Nc4 24. b3 Na5 25. Re1 Rc8 26. Rd2 Nb7 27. b4 g6
28. Rd7 Nd8 29. Ra7 Ne6 30. g3 c5 31. bxc5 Rxc5 32. Rxa6 Nd4 33. Re3 b4 34. Ra7
Rc1+ 35. Kg2 Rc2+ 36. Kh3 Ne6 37. Rb3 g5 38. Rxb4 h5 39. f5 g4+ 40. Rxg4 hxg4+
41. Kxg4 Nc7 42. f6 Kg8 43. h4 Nd5 44. h5 Nxf6+ 45. Kg5 Ne4+ 46. Kf4 Rc4 47. g4
Nf6+ 48. Kg5 Nxg4 49. h6 Ne5 50. a4 Rc5 51. Kf6 Ng4+ 52. Ke7 Nxh6 53. a5 f5 54.
a6 Ra5 55. Kf6 Ng4+ 56. Kg6 Ne5+ 57. Kg5 Nf7+ 58. Kg6 Ne5+ 59. Kg5 Nd3 60. Kg6
Ne5+ 61. Kg5 Nc6 62. Ra8+ Kf7 63. Kf4 Ke6 64. Re8+ Kd7 65. Ra8 Kc7 66. Rf8 Rxa6
67. Rxf5 Ra4+ 68. Kg5 Kd7 69. Rf4 Ra5+ 70. Rf5 Rxf5+ 71. Kxf5 1/2-1/2

[Event "Torneo Castellar Vidrio"]
[Site "http://www.queenalice.com/game.php?id=1457488"]
[Date "2017.1.1"]
[Round "-"]
[White "escorpi63"]
[Black "xavimg"]
[Result "1-0"]
[WhiteElo "1348"]
[BlackElo "1558"]

1. e4 e5 2. Nf3 Nc6 3. Bc4 Nf6 4. d3 Bc5 5. O-O d6 6. c3 a5 7. Ng5 O-O 8. Nf3
Be6 9. Bxe6 fxe6 10. Re1 Ng4 11. d4 exd4 12. cxd4 Ba7 13. Nc3 Ne7 14. Nb5 Bb6
15. Be3 Qd7 16. Nc3 Nxe3 17. Rxe3 e5 18. Qb3+ Kh8 19. Rd3 exd4 20. Ne2 a4 21.
Qc2 c5 22. Ng5 Qg4 23. Rg3 Qd7 24. e5 dxe5 25. Qxh7# 1-0

[Event "castellar vidrio/torneig"]
[Site "http://www.queenalice.com/game.php?id=1457594"]
[Date "2017.1.2"]
[Round "-"]
[White "xavimg"]
[Black "escorpi63"]
[Result "0-1"]
[WhiteElo "1556"]
[BlackElo "1247"]

1. e4 e5 2. Nf3 Nc6 3. Bc4 Nf6 4. Nc3 d6 5. d4 Bg4 6. h3 Bh5 7. g4 Bg6 8. Bg5
Be7 9. Nh4 Bxe4 10. Nxe4 Nxe4 11. Bxe7 Qxe7 12. Nf5 Qf6 13. Bd5 Ng5 14. Bxc6+
bxc6 15. h4 Ne4 16. Qf3 d5 17. g5 Qg6 18. dxe5 f6 19. exf6 gxf6 20. gxf6 Qxf6
21. Qh5+ Kd7 22. f3 Nd6 23. Nxd6 Qxd6 24. Rg1 Rae8+ 25. Kd2 Qb4+ 0-1

[Event "Torneo castellar vidrio "]
[Site "http://www.queenalice.com/game.php?id=1457633"]
[Date "2017.1.3"]
[Round "-"]
[White "doriam2203"]
[Black "escorpi63"]
[Result "0-1"]
[WhiteElo "1686"]
[BlackElo "1100"]

1. e4 e5 2. Nf3 Nc6 3. a3 Nf6 4. Bc4 Nxe4 5. Bxf7+ Kxf7 6. d3 Nf6 7. Bg5 Be7 8.
O-O Rf8 9. c3 Kg8 10. Nbd2 d5 11. h3 Qd6 12. Re1 Bf5 13. Nf1 e4 14. dxe4 Nxe4
15. Be3 Qg6 16. Nh4 Bxh4 17. g3 Bxh3 18. Bf4 Be6 19. Qf3 Bg5 20. Qg2 Qh5 21.
Bxg5 Qxg5 22. Re2 Ne5 23. f4 Rxf4 24. gxf4 Nf3+ 25. Kh1 Qh4+ 26. Nh2 Ng3+ 0-1

[Event "Challenge"]
[Site "http://www.queenalice.com/game.php?id=1475296"]
[Date "2017.4.25"]
[Round "-"]
[White "escorpi63"]
[Black "sigfrido"]
[Result "1-0"]
[WhiteElo "1424"]
[BlackElo "1444"]

1. Nf3 f6 2. e4 d6 3. d4 Bg4 4. Nc3 c6 5. Be2 Bxf3 6. Bxf3 Na6 7. O-O Nb4 8. d5
g6 9. a3 Qa5 10. Bd2 Na6 11. dxc6 bxc6 12. e5 Rc8 13. exd6 exd6 14. Qe2+ Ne7 15.
Nd5 Qd8 16. Nxf6+ Kf7 17. Qxa6 Bg7 18. Ne4 h6 19. Bc3 Be5 20. Bxe5 dxe5 21. Rfd1
Nd5 22. Qxa7+ Rc7 23. Qc5 Ke6 24. c4 Kf5 25. cxd5 Rd7 26. g4+ Kf4 27. Qe3# 1-0

[Event "Challenge"]
[Site "http://www.queenalice.com/game.php?id=1487562"]
[Date "2017.7.26"]
[Round "-"]
[White "sunking1"]
[Black "escorpi63"]
[Result "0-1"]
[WhiteElo "1423"]
[BlackElo "1455"]

1. e4 e5 2. Nf3 Nc6 3. c3 Bc5 4. d4 exd4 5. e5 dxc3 6. Nxc3 d6 7. Nd5 Nxe5 8.
Nxe5 dxe5 9. Nc3 Qf6 10. f3 Ne7 11. Ne4 Qb6 12. Bd2 Bf5 13. Ng5 Bf2+ 14. Ke2 Rd8
15. Rc1 Bd3# 0-1

[Event "Challenge"]
[Site "http://www.queenalice.com/game.php?id=1488550"]
[Date "2017.8.2"]
[Round "-"]
[White "knight576"]
[Black "escorpi63"]
[Result "1-0"]
[WhiteElo "2154"]
[BlackElo "1477"]

1. e4 g6 2. d4 Bg7 3. Nf3 d6 4. c3 Nf6 5. d5 Nxe4 6. Qa4+ Bd7 7. Qxe4 O-O 8. Bg5
Re8 9. Nbd2 Bf5 10. Qe3 Qd7 11. Ne4 Qa4 12. Ng3 e6 13. Qd2 exd5+ 14. Be2 Nd7 15.
Nxf5 gxf5 16. O-O Qe4 17. Bd3 Qe6 18. Rfe1 Ne5 19. Nh4 h6 20. Bxf5 Nc4 21. Rxe6
Nxd2 22. Rxe8+ Rxe8 23. Bxd2 1-0

[Event "Challenge"]
[Site "http://www.queenalice.com/game.php?id=1488553"]
[Date "2017.8.2"]
[Round "-"]
[White "escorpi63"]
[Black "knight576"]
[Result "0-1"]
[WhiteElo "1477"]
[BlackElo "2176"]

1. Nf3 f5 2. d4 Nf6 3. Bg5 e6 4. Nc3 Bb4 5. Qd3 c5 6. a3 Qa5 7. Bxf6 gxf6 8.
dxc5 Bxc3+ 9. Qxc3 Qxc3+ 10. bxc3 Na6 11. e3 Nxc5 12. Be2 Na4 13. c4 b6 14. O-O
Ba6 15. Nd4 Ke7 16. Nb5 Rhc8 17. Bf3 d5 18. Rfd1 Rxc4 19. Nd4 Nc3 20. Rd3 Rac8
21. Nb3 Ra4 22. Rd4 Bb5 23. Rxa4 Bxa4 24. h3 e5 25. g4 Bd7 26. Kg2 fxg4 27. hxg4
e4 0-1

[Event "Challenge"]
[Site "http://www.queenalice.com/game.php?id=1488868"]
[Date "2017.8.4"]
[Round "-"]
[White "sunking1"]
[Black "escorpi63"]
[Result "0-1"]
[WhiteElo "1421"]
[BlackElo "1477"]

1. g3 d5 2. Bg2 e5 3. d4 e4 4. e3 Nf6 5. Nc3 Nc6 6. Bd2 Bd6 7. Nge2 O-O 8. Nb5
Be7 9. Nbc3 Bg4 10. h3 Be6 11. Nf4 Qd6 12. Nb5 Qd7 13. g4 a6 14. Nc3 Na5 15. g5
Ne8 16. h4 c5 17. Bh3 Nc7 18. Nh5 Bxh3 19. b3 Bg4 20. Ne2 Bxh5 21. f4 Nc6 22.
Qc1 Qg4 23. Kd1 Qxe2# 0-1